| 000 | 00602nam a2200217 i 4500 | ||
|---|---|---|---|
| 001 | 28126 | ||
| 003 | ES-MaACL | ||
| 005 | 20230906153753.0 | ||
| 007 | t| | ||
| 008 | 030116s1955 sp ||||1| spa d | ||
| 100 | 1 |
_aBach, Ricardo. _924460 |
|
| 245 | 1 | 0 |
_aPequeño diccionario musical / _cRicardo Bach. |
| 250 | _a[2ª ed.]. | ||
| 260 |
_aBarcelona : _bAve, _c[1955] |
||
| 300 |
_a221 p., 7 lám. ; _c16 cm. |
||
| 490 | 1 | _aColección Mozart | |
| 650 | 0 | 4 |
_aMúsica- _vDiccionarios. _915382 |
| 830 | 0 |
_aColección Mozart _9182779 |
|
| 852 |
_aES-MaACL _jC-10788 _bR.38108 |
||
| 999 |
_c28126 _d28126 |
||